| 000 | 00910nam a2200241 a 4500 | ||
|---|---|---|---|
| 001 | 000046911 | ||
| 005 | 20201002053214.0 | ||
| 008 | 180406s2015 dr a r 000 0 spa d | ||
| 020 | _a9789945175110 | ||
| 040 |
_aDO-SdBNP _bspa _cBNPHU |
||
| 082 |
_axxxx _bxxxx |
||
| 245 | 0 | 0 |
_aLengua española 1 : _blibro de texto, primaria 1 / _cedición Elías Herrera Jerez, Lynnette Defilló Arzeno ; ilustraciones Monserrat Ubach. |
| 260 |
_aSanto Domingo : _bSM, _c2015. |
||
| 300 |
_a223 p. : _bil. ; _c28 cm. + _eCD-ROM |
||
| 490 | 1 | _aProyecto conecta | |
| 500 | _aLa biblioteca posee el libro y el cuaderno de estrategias | ||
| 505 | 0 |
_gv.1. _tLibro texto -- _gv.2. _tCuadernos de estrategia. |
|
| 590 | _aInventariado, 2018/BT | ||
| 700 | 1 | 2 |
_aHerrera Jerez, Elías, _eed. _916086 |
| 700 | 1 | 2 |
_aDefilló Arzeno, Lynnette, _eed. _974842 |
| 700 | 1 | 2 |
_aUbach, Monserrat, _eil. _973776 |
| 830 | 0 |
_aProyecto conecta _974828 |
|
| 999 |
_c46400 _d46400 |
||